| 000 | 00551nam a22002057a 4500 | ||
|---|---|---|---|
| 003 | OSt | ||
| 005 | 20151203122300.0 | ||
| 008 | 151203b xxu||||| |||| 00| 0 eng d | ||
| 020 | _a9780335244614 | ||
| 040 | _cDNLM | ||
| 082 | _aWA105 C216i 2011 | ||
| 100 |
_aCarneiro, Ilona; Howard, Natash _96465 |
||
| 245 | _aIntroduction to Epidemiology | ||
| 250 | _a2nd ed. | ||
| 260 | _aEngland; Open University Press,2011 | ||
| 300 | _axii,183p; ill: 24cm | ||
| 504 | _aGlossary, & index included | ||
| 650 |
_aEpidemiology _91064 |
||
| 942 |
_2z _cO_SHELF |
||
| 999 |
_c2796 _d2796 |
||